[Event "PLAYERS CUP 2009 <1600"]
[Site "SchemingMind.com"]
[Date "2009.02.02"]
[Round "-"]
[White "lame wolf"]
[Black "maro"]
[Result "1-0"]
[WhiteCountry "INT"]
[BlackCountry "MEX"]
[WhiteElo "1061"]
[WhiteRD "48"]
[BlackElo "1326"]
[BlackRD "50"]
[GameID "190127"]

1. g3 d5 2. d4 Qd6 3. Bg2 Nc6 4. e3 Qb4+ 5. Qd2 Qc4 6. Qc3 Qb4 7. Qxb4 Nxb4 8. Na3 e6 9. Bd2 a5 10. Bxb4 axb4
11. Nb1 b3 12. cxb3 Bb4+ 13. Nc3 Nf6 14. Ne2 c5 15. O-O O-O 16. a3 Bxc3 17. bxc3 b5 18. dxc5 Ba6 19. b4 Bb7 20. Nd4 e5
21. Ne2 e4 22. Bh3 Bc8 23. Bxc8 Raxc8 24. Nd4 h5 25. a4 bxa4 26. Rxa4 g5 27. h4 gxh4 28. Ra6 Kg7 29. Nf5+
1-0

[Event "PLAYERS CUP 2009 <1600"]
[Site "SchemingMind.com"]
[Date "2009.02.02"]
[Round "-"]
[White "lame wolf"]
[Black "dtedesco"]
[Result "0-1"]
[WhiteCountry "INT"]
[BlackCountry "CAN"]
[WhiteElo "1061"]
[WhiteRD "48"]
[BlackElo "1539"]
[BlackRD "59"]
[GameID "190128"]

1. g3 e5 2. d4 exd4 3. Qxd4 Nc6 4. Qd1 Nf6 5. Bg2 Bc5 6. e3 O-O 7. Nc3 d5 8. e4 Ne7 9. e5 Ng4 10. Bf3 Nxf2
11. Kf1 Nxd1 12. Nxd1 Ng6 13. Bf4 Nxf4 14. Ne2 Ng6 15. Ndc3 c6 16. Rd1 Nxe5 17. Bg2 Qf6+ 18. Ke1 Qf2+ 19. Kd2 Qxg2
0-1

[Event "PLAYERS CUP 2009 <1600"]
[Site "SchemingMind.com"]
[Date "2009.02.02"]
[Round "-"]
[White "lame wolf"]
[Black "Carl Lenox"]
[Result "0-1"]
[WhiteCountry "INT"]
[BlackCountry "CAN"]
[WhiteElo "1061"]
[WhiteRD "48"]
[BlackElo "1353"]
[BlackRD "64"]
[GameID "190129"]

1. g3 e5 2. d4 exd4 3. Qxd4 Nc6 4. Qd1 d5 5. Bg2 Be6 6. f4 Qd7 7. e3 Nf6 8. Ne2 Bb4+ 9. Bd2 Qd6 10. Nd4 Bg4
11. Bf3 h5 12. Bxg4 g6 13. Bf3 O-O-O 14. Nxc6 bxc6 15. Bxb4 Qxb4+ 16. Nd2 Qxb2 17. O-O Qb6 18. Kg2 Rhe8 19. Re1 c5 20. c4 Qb4
21. Re2 dxc4 22. Qb1 Qa4 23. Qb7+ Kd7 24. e4 Rb8 25. Qxb8 Rxb8 26. Rb1 Re8 27. Nf1 c3 28. Rc1 Qa3 29. Ne3 Qb4 30. Nd5 Qd4
31. Nxf6+ Qxf6 32. e5 Qe6 33. Rxc3 c4 34. Rd2+ Ke7 35. Be4 Qb6 36. Rxc4 c5 37. Rd6 Qb2+ 38. Kh3 Rc8 39. Kh4 Qxh2+ 40. Kg5 Qxg3+
41. Kh6 Qxf4+ 42. Kg7 Qxe5+
0-1

[Event "PLAYERS CUP 2009 <1600"]
[Site "SchemingMind.com"]
[Date "2009.02.04"]
[Round "-"]
[White "Gary"]
[Black "lame wolf"]
[Result "1-0"]
[WhiteCountry "ENG"]
[BlackCountry "INT"]
[WhiteElo "1591"]
[WhiteRD "63"]
[BlackElo "1061"]
[BlackRD "48"]
[GameID "190130"]

1. e4 d5 2. exd5 Qxd5 3. Nc3 Qd8 4. Nf3 c6 5. Bc4 e6 6. O-O Bd6 7. d3 c5 8. Be3 Bd7 9. Ne4 a6 10. Nxc5 Bxc5
11. Bxc5 Bb5 12. Bxb5+ axb5 13. c4 bxc4 14. dxc4 Qxd1 15. Raxd1 Nf6 16. a3 Nc6 17. b4 Rxa3 18. b5 Na5 19. Bxa3 Nxc4 20. Bb4
1-0

[Event "PLAYERS CUP 2009 <1600"]
[Site "SchemingMind.com"]
[Date "2009.02.02"]
[Round "-"]
[White "Zugzwang"]
[Black "lame wolf"]
[Result "0-1"]
[WhiteCountry "CAN"]
[BlackCountry "INT"]
[WhiteElo "1437"]
[WhiteRD "56"]
[BlackElo "1061"]
[BlackRD "48"]
[GameID "190131"]

1. d4 Nf6 2. Nf3 d5 3. e3 Bg4 4. c4 b6 5. Qa4+ Qd7 6. Qxd7+ Nbxd7 7. cxd5 Nxd5 8. Bc4 Bxf3 9. gxf3 N7f6 10. Nc3 Nxc3
11. bxc3 c5 12. d5 e5 13. Bb2 Rb8 14. O-O b5 15. Rad1 Bd6 16. e4 O-O 17. Kh1 bxc4 18. Rg1 Rxb2 19. a4 Rc2 20. Rg2 Rxc3
21. Rdg1 g6 22. a5 Rxf3 23. a6 Rb8 24. Rg5 Rxf2 25. h4 h6 26. Rf5 Nxe4 27. Rh5 Kh7
0-1

[Event "PLAYERS CUP 2009 <1600"]
[Site "SchemingMind.com"]
[Date "2009.02.02"]
[Round "-"]
[White "Belfagor"]
[Black "lame wolf"]
[Result "1-0"]
[WhiteCountry "ITA"]
[BlackCountry "INT"]
[WhiteElo "1684"]
[WhiteRD "103"]
[BlackElo "1061"]
[BlackRD "48"]
[GameID "190132"]

1. e4 c5 2. c3 a6 3. Nf3 d5 4. exd5 Qxd5 5. d4 c4 6. Be2 b5 7. O-O Nc6 8. Na3 b4 9. Nxc4 e5 10. Nb6 Qe6
11. Nxa8 exd4 12. Nc7+ Ke7 13. Nxe6 Bxe6 14. Nxd4 Nxd4 15. Qxd4 a5 16. cxb4
1-0

[Event "PLAYERS CUP 2009 <1600"]
[Site "SchemingMind.com"]
[Date "2009.02.02"]
[Round "-"]
[White "maro"]
[Black "lame wolf"]
[Result "1-0"]
[WhiteCountry "MEX"]
[BlackCountry "INT"]
[WhiteElo "1326"]
[WhiteRD "50"]
[BlackElo "1061"]
[BlackRD "48"]
[GameID "190133"]

1. Nf3 d5 2. Nd4 c5 3. Nb3 e6 4. d4 c4 5. Nc5 Bxc5 6. dxc5 Nc6 7. Bf4 e5 8. Bg3 Be6 9. Nc3 d4 10. Ne4 c3
11. Nd6+ Kd7 12. Nxb7 Qc7 13. Nd6 Rb8 14. b3 Rb5 15. Nxb5 Qb7 16. a4 a6 17. e3 axb5 18. Bxb5 Ne7 19. Qf3 Bd5 20. Qg4+ Kc7
21. Qxg7 Nf5 22. Bxe5+ Nxe5 23. Qxe5+ Kc8 24. Qxh8+ Kc7 25. Qe5+ Kc8 26. Qxf5+ Be6 27. Qxh7 dxe3 28. Qh8+ Kc7 29. O-O-O exf2 30. Qe5+ Kc8
31. c6 Qb6 32. Qh8+
1-0

[Event "PLAYERS CUP 2009 <1600"]
[Site "SchemingMind.com"]
[Date "2009.02.02"]
[Round "-"]
[White "dtedesco"]
[Black "lame wolf"]
[Result "1-0"]
[WhiteCountry "CAN"]
[BlackCountry "INT"]
[WhiteElo "1539"]
[WhiteRD "59"]
[BlackElo "1061"]
[BlackRD "48"]
[GameID "190134"]

1. c4 g5 2. g3 c6 3. Bg2 g4 4. e4 h5 5. Nc3 d6 6. d4 Bg7 7. Nge2 c5 8. O-O e6 9. b3 cxd4 10. Nxd4 e5
11. Nf5 Bxf5 12. exf5 f6 13. Bxb7 Ne7 14. Bxa8 Nbc6 15. Bxc6+ Nxc6 16. Ba3 Bf8 17. Nb5 Rh7 18. Nxd6+ Bxd6 19. Bxd6 Rd7 20. c5 Nd4
21. Qd3 Qa8 22. Rac1 Qf3 23. Rfe1 Qxd3 24. c6 Rxd6 25. c7 Rc6 26. Rxc6 Nf3+ 27. Kh1 Qxf5 28. c8=Q+ Qxc8 29. Rxc8+ Kf7 30. Rec1 Kg6
31. a4 h4 32. a5
1-0

[Event "PLAYERS CUP 2009 <1600"]
[Site "SchemingMind.com"]
[Date "2009.02.02"]
[Round "-"]
[White "Carl Lenox"]
[Black "lame wolf"]
[Result "1-0"]
[WhiteCountry "CAN"]
[BlackCountry "INT"]
[WhiteElo "1353"]
[WhiteRD "64"]
[BlackElo "1061"]
[BlackRD "48"]
[GameID "190135"]

1. e4 d5 2. exd5 Qxd5 3. Nc3 Qd8 4. d4 g6 5. Nf3 Bg7 6. Bc4 e6 7. d5 Bxc3+ 8. bxc3 f5 9. Qd4 Qf6 10. Bb5+ Bd7
11. Qb4 c6 12. Bd3 b5 13. c4 Qxa1 14. Qa3 h6 15. O-O Rh7 16. Bf4 Qf6 17. Re1 g5 18. Be5 Qe7 19. d6 Qd8 20. c5 a6
21. c4 bxc4 22. Bxc4 Ra7 23. Rd1 g4 24. Nh4 Kf7 25. Qe3 Qxh4 26. g3 Qg5 27. Qb3 Qd8 28. Qe3 Qg5 29. Bf4 Qd8 30. Re1 h5
31. Bxe6+ Kg7 32. Qe5+ Nf6 33. Qxf5 Qa5 34. Re2 Rb7 35. Qg5+ Kh8 36. Qxf6+ Rg7 37. Be5 Rb1+ 38. Kg2 Qxc5 39. Qxg7#
1-0

[Event "PLAYERS CUP 2009 <1600"]
[Site "SchemingMind.com"]
[Date "2009.02.04"]
[Round "-"]
[White "jtrochez1"]
[Black "Gary"]
[Result "1-0"]
[WhiteCountry "HON"]
[BlackCountry "ENG"]
[WhiteElo "1580"]
[WhiteRD "48"]
[BlackElo "1488"]
[BlackRD "64"]
[GameID "190148"]

1. e4 c5 2. Nf3 d6 3. d4 cxd4 4. Nxd4 Nf6 5. Nc3 e6 6. Bb5+ Bd7 7. Bxd7+ Nbxd7 8. O-O Be7 9. Be3 O-O 10. Nb3 b6
11. Kh1 Rc8 12. Qf3 Ne5 13. Qe2 Nc4 14. Rab1 d5 15. Rfd1
1-0

[Event "PLAYERS CUP 2009 <1600"]
[Site "SchemingMind.com"]
[Date "2009.02.02"]
[Round "-"]
[White "jtrochez1"]
[Black "lame wolf"]
[Result "1-0"]
[WhiteCountry "HON"]
[BlackCountry "INT"]
[WhiteElo "1546"]
[WhiteRD "48"]
[BlackElo "1061"]
[BlackRD "48"]
[GameID "190149"]

1. e4 d5 2. exd5 Qxd5 3. Nc3 Qd8 4. Nf3 e6 5. d4 Bb4 6. Ne5 Qe7 7. Qf3 f6 8. Qh5+ g6 9. Nxg6 Qf7 10. Nf4 Qxh5
11. Nxh5 Nc6 12. Bd2 Nge7 13. O-O-O Kf7 14. a3 Bxc3 15. Bxc3 f5 16. Nf4 b6 17. Bc4 Bb7 18. Nxe6 Kg6 19. Nxc7 Rac8 20. Ne6 a6
21. d5 Nd8 22. Bxh8 b5 23. Nxd8
1-0

[Event "PLAYERS CUP 2009 <1600"]
[Site "SchemingMind.com"]
[Date "2009.02.02"]
[Round "-"]
[White "jtrochez1"]
[Black "Zugzwang"]
[Result "0-1"]
[WhiteCountry "HON"]
[BlackCountry "CAN"]
[WhiteElo "1546"]
[WhiteRD "48"]
[BlackElo "1437"]
[BlackRD "56"]
[GameID "190150"]

1. e4 e5 2. Nf3 Nf6 3. d3 Nc6 4. Bg5 Bc5 5. c3 h6 6. Bh4 d6 7. h3 O-O 8. Nbd2 Be6 9. Be2 Ne7 10. O-O Ng6
11. Bxf6 Qxf6 12. Kh2 d5 13. Nb3 Bd6 14. Ng1 Nf4 15. f3 Qg5 16. g4 f5 17. Qd2 Rf6 18. Rf2 Rg6 19. Bf1 fxg4 20. fxg4 Rf8
21. Nf3 Qe7 22. exd5 Nxd5 23. Kh1 Nf4 24. Ng1 Qh4 25. Rh2 Bd5+ 26. Bg2 Nxg2 27. Rxg2 Bxg2+ 28. Qxg2 Rf2 29. Qd5+ Kh7 30. Nc5 e4
31. Nxe4 Rh2#
0-1

[Event "PLAYERS CUP 2009 <1600"]
[Site "SchemingMind.com"]
[Date "2009.02.02"]
[Round "-"]
[White "jtrochez1"]
[Black "Belfagor"]
[Result "1/2-1/2"]
[WhiteCountry "HON"]
[BlackCountry "ITA"]
[WhiteElo "1546"]
[WhiteRD "48"]
[BlackElo "1684"]
[BlackRD "103"]
[GameID "190151"]

1. e4 Nf6 2. Nc3 d5 3. exd5 Nxd5 4. Bc4 Be6 5. Nxd5 Bxd5 6. Qg4 Bxc4 7. Qxc4 Nc6 8. Nf3 e6 9. O-O Be7 10. d4 O-O
11. c3 Na5 12. Qe2 c5 13. dxc5 Nc6 14. Be3 Bf6 15. Rad1 Qe7 16. Rd6 Rfd8 17. Rfd1 Qf8 18. Bg5 Bxg5 19. Nxg5 Rxd6 20. Rxd6 h6
21. Nh3 Rd8 22. Qd2 Qe7 23. b4 Rxd6 24. cxd6 Qd7 25. Nf4 Ne5 26. Qd4 Nc6 27. Qd2 Ne5=
1/2-1/2

[Event "PLAYERS CUP 2009 <1600"]
[Site "SchemingMind.com"]
[Date "2009.02.02"]
[Round "-"]
[White "jtrochez1"]
[Black "maro"]
[Result "1-0"]
[WhiteCountry "HON"]
[BlackCountry "MEX"]
[WhiteElo "1546"]
[WhiteRD "48"]
[BlackElo "1326"]
[BlackRD "50"]
[GameID "190152"]

1. e4 e5 2. Nf3 Nf6 3. d3 Nc6 4. Nc3 Bc5 5. h3 Nd4 6. Nxe5 Qe7 7. Nf3 d5 8. Bg5 h6 9. Nxd5 Qe6 10. Nxc7+ Ke7
11. Nxe6 Kxe6 12. Nxd4+ Bxd4 13. c3 Bb6 14. Bxf6 Kxf6 15. Qf3+ Ke7 16. O-O-O f6 17. d4 Bd7 18. Bc4 Be6 19. Bxe6 Kxe6 20. Qf5+ Kf7
21. Qd7+ Kg6 22. f4 Rad8 23. f5+ Kh7 24. Qxb7 Rb8 25. Qf7 Rhf8 26. Qg6+ Kh8 27. g4
1-0

[Event "PLAYERS CUP 2009 <1600"]
[Site "SchemingMind.com"]
[Date "2009.02.03"]
[Round "-"]
[White "jtrochez1"]
[Black "dtedesco"]
[Result "1-0"]
[WhiteCountry "HON"]
[BlackCountry "CAN"]
[WhiteElo "1540"]
[WhiteRD "53"]
[BlackElo "1502"]
[BlackRD "69"]
[GameID "190153"]

1. e4 c5 2. Nf3 g6 3. d4 Bg7 4. c3 b6 5. d5 d6 6. Bb5+ Bd7 7. Bxd7+ Qxd7 8. O-O Nf6 9. Nbd2 O-O 10. Re1 b5
11. Rb1 a6 12. Qc2 c4 13. b4 Re8 14. Nd4 a5 15. a3 e5 16. N4f3 a4 17. h3 Qa7 18. Nh2 Nbd7 19. Ndf3 Rab8 20. Be3 Qc7
21. Bd2 Nf8 22. Bg5 Red8 23. Rbd1 Rd7 24. Qd2 Qb6 25. Bh6 Bxh6 26. Qxh6 Kh8 27. Rd2 Ng8 28. Qh4 Qd8 29. Qxd8 Rdxd8 30. Kf1 Nd7
31. Ng5 Kg7 32. Ngf3 Ndf6 33. Rde2 h6 34. Ng1 Ne7 35. f3 Rf8 36. g3 Nh7 37. h4 f5 38. g4 fxe4 39. Rd1 exf3 40. Ngxf3 Rf4
41. Kg2 e4 42. Nd4 Kf7 43. Rf2 Rxf2+ 44. Kxf2 Nxd5 45. Rc1 Rf8 46. Ke2 e3 47. Nxb5 Ke6 48. Nf3 Rf4 49. g5 hxg5 50. hxg5 Nxg5
51. Nxg5+ Kf5 52. Nf3 Kg4 53. Nbd4 Nf6 54. Kxe3 Nd5+ 55. Kf2 Rf6 56. Rc2 Nf4 57. Nh2+ Kh3 58. Kg1 Kg3 59. Ne2+ Kh3 60. Nxf4+ Rxf4
61. Rd2 g5 62. Re2 g4 63. Re3+ g3 64. Nf1 Rg4 65. Rxg3+
1-0

[Event "PLAYERS CUP 2009 <1600"]
[Site "SchemingMind.com"]
[Date "2009.02.02"]
[Round "-"]
[White "jtrochez1"]
[Black "Carl Lenox"]
[Result "1-0"]
[WhiteCountry "HON"]
[BlackCountry "CAN"]
[WhiteElo "1580"]
[WhiteRD "48"]
[BlackElo "1336"]
[BlackRD "66"]
[GameID "190154"]

1. e4 c5 2. Nf3 d6 3. d4 cxd4 4. Nxd4 Nf6 5. Nd2 a6 6. Be2 e5 7. N4b3 Nc6 8. c3 d5 9. Qc2 g6 10. O-O Bg7
11. Rd1 O-O 12. Bf3 Be6 13. Nf1 Qd7 14. Nc5 Qc8 15. exd5 Ne7 16. Nxe6 fxe6 17. dxe6 Qxe6 18. Bg5 Nf5 19. Bxf6 Bxf6 20. Bd5 Qf7
21. Bxf7+ Rxf7 22. Qb3 b5 23. Rd7 Be7 24. Ng3 Rd8 25. Rxd8+ Bxd8 26. Nxf5 gxf5 27. Rd1 Bb6 28. c4 f4 29. cxb5 a5 30. Rd7 Kg7
31. Qxf7+
1-0

[Event "PLAYERS CUP 2009 <1600"]
[Site "SchemingMind.com"]
[Date "2009.02.04"]
[Round "-"]
[White "Gary"]
[Black "jtrochez1"]
[Result "0-1"]
[WhiteCountry "ENG"]
[BlackCountry "HON"]
[WhiteElo "1488"]
[WhiteRD "64"]
[BlackElo "1580"]
[BlackRD "48"]
[GameID "190155"]

1. e4 e5 2. Nf3 Bd6 3. Bc4 h6 4. O-O Nc6 5. Nc3 Nf6 6. d3 O-O 7. Be3 Na5 8. Bb3 Nxb3 9. axb3 a6 10. h3 b5
11. Ne2 c6 12. c4 Bc7 13. Nc3 d6 14. d4 Re8 15. d5 Bb7 16. Qc2 Bb6
0-1

[Event "PLAYERS CUP 2009 <1600"]
[Site "SchemingMind.com"]
[Date "2009.02.02"]
[Round "-"]
[White "lame wolf"]
[Black "jtrochez1"]
[Result "0-1"]
[WhiteCountry "INT"]
[BlackCountry "HON"]
[WhiteElo "1061"]
[WhiteRD "48"]
[BlackElo "1546"]
[BlackRD "48"]
[GameID "190156"]

1. g3 Nf6 2. Bg2 d5 3. d4 e6 4. Qd2 Nc6 5. e3 Bd6 6. f3 O-O 7. Nc3 a6 8. Nge2 b5 9. e4 dxe4 10. fxe4 e5
11. d5 Ne7 12. Rf1 Bd7 13. Qe3 Ng4 14. Qd2 Nxh2 15. Rh1 Ng4 16. Qd3 Ng6 17. Bf3 Re8 18. Bd2 Nf6 19. b3 c5 20. a3 Rc8
21. a4 c4 22. bxc4 bxc4 23. Qe3 Bg4 24. Qf2 Bc5 25. Qg2 Rb8 26. Rb1 Bxf3 27. Qxf3 Bd4 28. Nxd4 exd4 29. Rxb8 Qxb8 30. Ne2 Qb1+
31. Bc1 Qxc2 32. Rh2 Nxe4 33. Qg2 d3 34. Nd4 Qxc1#
0-1

[Event "PLAYERS CUP 2009 <1600"]
[Site "SchemingMind.com"]
[Date "2009.02.02"]
[Round "-"]
[White "Zugzwang"]
[Black "jtrochez1"]
[Result "0-1"]
[WhiteCountry "CAN"]
[BlackCountry "HON"]
[WhiteElo "1437"]
[WhiteRD "56"]
[BlackElo "1546"]
[BlackRD "48"]
[GameID "190157"]

1. d4 d5 2. Nf3 Nc6 3. Nc3 e6 4. e3 Bb4 5. Bd2 Nge7 6. Bd3 h6 7. O-O a6 8. e4 Bxc3 9. Bxc3 O-O 10. exd5 Nxd5
11. Re1 Nxc3 12. bxc3 Qf6 13. Ne5 Nxe5 14. Rxe5 Bd7 15. Rb1 b5 16. Rh5 Rae8 17. Qg4 Re7 18. Re1 e5 19. Qe4 g6 20. Rxh6 Rfe8
21. d5 Qf4 22. Qxf4 exf4 23. Rxe7 Rxe7 24. h4 Kg7
0-1

[Event "PLAYERS CUP 2009 <1600"]
[Site "SchemingMind.com"]
[Date "2009.02.02"]
[Round "-"]
[White "Belfagor"]
[Black "jtrochez1"]
[Result "1-0"]
[WhiteCountry "ITA"]
[BlackCountry "HON"]
[WhiteElo "1745"]
[WhiteRD "97"]
[BlackElo "1580"]
[BlackRD "48"]
[GameID "190158"]

1. e4 e5 2. Nf3 Bd6 3. d4 Qf6 4. dxe5 Bxe5 5. Nxe5 Qxe5 6. Bd3 Nf6 7. O-O O-O 8. Nc3 c6 9. Be3 d6 10. f4 Qe8
11. e5 Bg4 12. Qe1 dxe5 13. Bc5 Nbd7 14. Bxf8 Qxf8 15. fxe5 Qc5+ 16. Qf2 Qxf2+ 17. Rxf2 Nxe5 18. Be2 Bxe2 19. Rxe2 Ned7 20. Ne4 Re8
21. Nxf6+ Nxf6 22. Rxe8+ Nxe8 23. Rd1 b5 24. Rd8 Kf8 25. Ra8 a5 26. Rxa5 Nd6 27. Ra6 Nc4 28. Rxc6 Nxb2 29. Rb6 Nc4 30. Rxb5 Na3
31. Rc5 g6 32. Rc3 Nb5 33. Rb3 Nd4 34. Rb8+ Kg7 35. c4 Kf6 36. a4 Ke6 37. Rb6+ Kd7 38. c5 Nc6 39. Kf1 Kc7 40. Ke2 Nd4+
41. Kd3 Nc6 42. Kc4 Ne5+ 43. Kd4 Nd7 44. a5 Nxb6 45. axb6+ Kc6 46. Ke5 h5 47. Kf6
1-0

[Event "PLAYERS CUP 2009 <1600"]
[Site "SchemingMind.com"]
[Date "2009.02.03"]
[Round "-"]
[White "maro"]
[Black "jtrochez1"]
[Result "1/2-1/2"]
[WhiteCountry "MEX"]
[BlackCountry "HON"]
[WhiteElo "1326"]
[WhiteRD "50"]
[BlackElo "1546"]
[BlackRD "48"]
[GameID "190159"]

1. e4 e5 2. Nc3 Nf6 3. Bc4 Nc6 4. Nf3 h6 5. Qe2 d6 6. Nh4 a6 7. d3 Nd4 8. Qd2 Nxe4 9. Nxe4 Qxh4 10. c3 Ne6
11. g3 Qd8 12. Qe2 Be7 13. Be3 d5 14. Bxd5 c6 15. Bxe6 Bxe6 16. a4 Bf5 17. a5 Bxe4 18. Bb6 Qd5 19. dxe4 Qe6 20. O-O O-O
21. Rac1 Qg6 22. Bc7 Rfe8 23. Bxe5 Bf6 24. Bxf6 Qxf6 25. f3 Rad8 26. Rce1 Rd7 27. Rd1 Rxd1 28. Qxd1 Rd8 29. Qb3 Rb8 30. f4 Qd6
31. e5 Qc5+ 32. Kh1 b5 33. e6 fxe6 34. Qxe6+ Kh8 35. f5 Qd5+ 36. Qxd5 cxd5 37. f6 g5 38. f7 Kg7 39. b4 Rf8 40. Rf5 Rxf7
41. Rxf7+ Kxf7 42. Kg2 Kf6 43. Kf3 Kf5 44. g4+ Ke5 45. Ke3=
1/2-1/2

[Event "PLAYERS CUP 2009 <1600"]
[Site "SchemingMind.com"]
[Date "2009.02.03"]
[Round "-"]
[White "dtedesco"]
[Black "jtrochez1"]
[Result "1/2-1/2"]
[WhiteCountry "CAN"]
[BlackCountry "HON"]
[WhiteElo "1530"]
[WhiteRD "66"]
[BlackElo "1534"]
[BlackRD "51"]
[GameID "190160"]

1. c4 Nc6 2. d3 e5 3. b3 Nf6 4. Nf3 h6 5. e3 d6 6. Nc3 Be7 7. g3 O-O 8. Qc2 Be6 9. Bg2 Nb4 10. Qe2 Qd7
11. O-O Bh3 12. a3 Bxg2 13. Kxg2 Nc6 14. h3 d5 15. cxd5 Nxd5 16. Bb2 Nxc3 17. Bxc3 Bf6 18. Rad1 Qe6 19. b4 a6 20. h4 Rad8
21. Qb2 b5 22. Nh2 g6 23. f4 Rfe8 24. Nf3 Kh7 25. Nxe5 Nxe5 26. Bxe5 Bxe5 27. fxe5 Re7 28. Rf6 Qd5+ 29. e4 Qb7 30. Qf2 Kg7
31. Qf4 c6 32. d4 Qc7 33. d5 cxd5 34. exd5 Qxe5 35. Qxe5 Rxe5 36. Rxa6 Rexd5 37. Rxd5 Rxd5 38. a4 bxa4 39. Rxa4 h5 40. Ra5 Rd2+
41. Kf3 Rd3+ 42. Kf2 Kf8 43. b5 Rd5 44. Ke3 Ke8 45. Ke4 Rf5 46. Kd4 Kd7 47. Kc4 Kc7 48. Ra6 Kb7 49. Kb4 f6 50. Ka5 Rf3
51. Rb6+ Ka7 52. Rc6 Kb7 53. Re6 Ra3+ 54. Kb4 Rf3 55. b6 Rf1 56. Kb5 Rb1+ 57. Kc5 Rc1+ 58. Kb5 Rb1+ 59. Kc5 Rc1+ 60. Kb4 Rb1+
61. Kc5 Rc1+ 62. Kb5 Rb1+ 63. Kc5 Rc1+=
1/2-1/2

[Event "PLAYERS CUP 2009 <1600"]
[Site "SchemingMind.com"]
[Date "2009.02.02"]
[Round "-"]
[White "Carl Lenox"]
[Black "jtrochez1"]
[Result "1-0"]
[WhiteCountry "CAN"]
[BlackCountry "HON"]
[WhiteElo "1353"]
[WhiteRD "64"]
[BlackElo "1546"]
[BlackRD "48"]
[GameID "190161"]

1. e4 e5 2. Nf3 Bd6 3. Bc4 Qf6 4. O-O Nc6 5. c3 Nge7 6. d4 h6 7. d5 Na5 8. Bb5 c6 9. Bd3 cxd5 10. Be3 dxe4
11. Bxe4 Nac6 12. Bd3 Bc7 13. Re1 d6 14. c4 Bf5 15. Nc3 Bxd3 16. Qxd3 Nb4 17. Qe2 O-O 18. a3 Na6 19. Rad1 Nc5 20. b4 Ne6
21. Nd5 Nxd5 22. Rxd5 Rae8 23. c5 dxc5 24. Bxc5 Nf4 25. Qb5 Qg5 26. Nxg5
1-0

[Event "PLAYERS CUP 2009 <1600"]
[Site "SchemingMind.com"]
[Date "2009.02.10"]
[Round "-"]
[White "Heidi"]
[Black "Gary"]
[Result "1-0"]
[WhiteCountry "USA"]
[BlackCountry "ENG"]
[WhiteElo "943"]
[WhiteRD "65"]
[BlackElo "1488"]
[BlackRD "64"]
[GameID "191073"]

1. e4 c5 2. Nf3 d6 3. d4 cxd4 4. Nxd4 Nf6 5. Nc3 e6 6. Bc4 Be7 7. e5 dxe5 8. Nf3 Qc7 9. O-O Qxc4 10. Nxe5 Qc7
11. Nf3 O-O 12. Be3 a6 13. Rc1 Nc6 14. Bg5
1-0

[Event "PLAYERS CUP 2009 <1600"]
[Site "SchemingMind.com"]
[Date "2009.02.07"]
[Round "-"]
[White "Heidi"]
[Black "lame wolf"]
[Result "0-1"]
[WhiteCountry "USA"]
[BlackCountry "INT"]
[WhiteElo "946"]
[WhiteRD "62"]
[BlackElo "1061"]
[BlackRD "48"]
[GameID "191074"]

1. e4 d5 2. exd5 Qxd5 3. Nc3 Qd8 4. d4 g6 5. Be3 Bg7 6. Bc4 e6 7. Nf3 f5 8. h3 Bf6 9. O-O Ne7 10. a3 Nd5
11. Bb5+ Bd7 12. Bxd7+ Qxd7 13. Nxd5 Qxd5 14. Qb1 Nd7 15. Re1 O-O-O 16. Qd1 h5 17. Qd3 Nc5 18. Qc3 Na4 19. Qd3 g5 20. Bxg5 Rhf8
21. Bxf6 Rxf6 22. c4 Nxb2 23. Qc3 Nxc4 24. a4 Re8 25. a5 e5 26. a6 b6 27. Nxe5 Nxe5 28. Rab1 Kd7 29. dxe5 Rfe6 30. Rbd1 Qxd1
31. Rxd1+ Kc8 32. Rd4 c5 33. Rd5 Rd8 34. Qd3 Rxd5 35. Qxd5 Rg6 36. Qf7 Rc6 37. Qxa7 c4 38. Qa8+ Kd7 39. Qf8 c3 40. Qxf5+ Kc7
41. a7 Kb7 42. Qf7+ Ka8 43. Qe8+ Kxa7 44. Qd8 c2 45. Qd2 c1=Q+
0-1

[Event "PLAYERS CUP 2009 <1600"]
[Site "SchemingMind.com"]
[Date "2009.02.07"]
[Round "-"]
[White "Heidi"]
[Black "jtrochez1"]
[Result "0-1"]
[WhiteCountry "USA"]
[BlackCountry "HON"]
[WhiteElo "946"]
[WhiteRD "62"]
[BlackElo "1546"]
[BlackRD "48"]
[GameID "191075"]

1. e4 e5 2. Nf3 Bd6 3. Bc4 h6 4. O-O c6 5. Re1 Bc7 6. Nc3 d6 7. d4 Bg4 8. Bg5 hxg5 9. Nd2 Bxd1 10. Raxd1 g4
11. Ne2 Qh4 12. d5 Qxh2+ 13. Kf1 Ne7 14. Ng1 f5 15. exf5 Nxf5 16. f3 Ng3+ 17. Kf2 Bb6+ 18. Re3 Nh1+ 19. Ke2 Bxe3 20. Nf1 Qxg1
21. Ng3 Qf2+ 22. Kd3 Nxg3 23. b3 Qe2+
0-1

[Event "PLAYERS CUP 2009 <1600"]
[Site "SchemingMind.com"]
[Date "2009.02.07"]
[Round "-"]
[White "Heidi"]
[Black "Zugzwang"]
[Result "0-1"]
[WhiteCountry "USA"]
[BlackCountry "CAN"]
[WhiteElo "946"]
[WhiteRD "62"]
[BlackElo "1437"]
[BlackRD "56"]
[GameID "191076"]

1. e4 e5 2. Nf3 Nf6 3. Nc3 Bb4 4. Bc4 O-O 5. d3 d5 6. Bb5 d4 7. Nh4 dxc3 8. bxc3 Bxc3+ 9. Bd2 Bxa1 10. Qxa1 Nxe4
11. dxe4 Qxh4 12. Qxe5 c6 13. Bc4 Nd7 14. Qg3 Qxe4+ 15. Be3 Qxc4 16. Kd1 Rd8 17. Qf3 Ne5+ 18. Bd2 Nxf3 19. gxf3 Qc3 20. Ke1 Qxd2+
0-1

[Event "PLAYERS CUP 2009 <1600"]
[Site "SchemingMind.com"]
[Date "2009.02.07"]
[Round "-"]
[White "Heidi"]
[Black "Belfagor"]
[Result "0-1"]
[WhiteCountry "USA"]
[BlackCountry "ITA"]
[WhiteElo "946"]
[WhiteRD "62"]
[BlackElo "1684"]
[BlackRD "103"]
[GameID "191077"]

1. e4 Nf6 2. Nf3 Nxe4 3. d4 d5 4. Be3 e6 5. Nbd2 Nxd2 6. Qxd2 Nc6 7. Ne5 Nxe5 8. Bb5+ Bd7 9. Be2 Ng6 10. a3 Be7
11. h3 O-O 12. O-O-O Rc8 13. h4 c5 14. h5 Nh4 15. dxc5 Bxc5 16. Bf4 Nf5 17. h6 g6 18. g4 Nd4 19. Qe3 Nxe2+ 20. Qxe2 f6
21. b4 Be7 22. g5 fxg5
0-1

[Event "PLAYERS CUP 2009 <1600"]
[Site "SchemingMind.com"]
[Date "2009.02.07"]
[Round "-"]
[White "Heidi"]
[Black "maro"]
[Result "0-1"]
[WhiteCountry "USA"]
[BlackCountry "MEX"]
[WhiteElo "946"]
[WhiteRD "62"]
[BlackElo "1326"]
[BlackRD "50"]
[GameID "191078"]

1. e4 e5 2. Nf3 Nc6 3. Bc4 Bc5 4. d4 exd4 5. Ng5 Ne5 6. Bxf7+ Kf8 7. Bb3 Bb4+ 8. c3 Ba5 9. Bf4 Ng6 10. Bg3 Qxg5
11. O-O d6 12. Nd2 Nf6 13. Nf3 Qc5 14. e5 dxe5 15. cxd4 exd4 16. Nxd4 Bg4 17. Qd2 Bxd2 18. h3 Qxd4 19. Rad1 Bxd1 20. Rxd1 Qxb2
21. Bc4 Qc2 22. Be2 Qxa2 23. Bxc7 Nd5 24. Bf3 Nxc7
0-1

[Event "PLAYERS CUP 2009 <1600"]
[Site "SchemingMind.com"]
[Date "2009.02.07"]
[Round "-"]
[White "Heidi"]
[Black "dtedesco"]
[Result "0-1"]
[WhiteCountry "USA"]
[BlackCountry "CAN"]
[WhiteElo "946"]
[WhiteRD "62"]
[BlackElo "1539"]
[BlackRD "59"]
[GameID "191079"]

1. e4 c5 2. Nf3 e6 3. d4 cxd4 4. Nxd4 Nc6 5. Nc3 Qc7 6. Bc4 a6 7. Qd3 Ne5 8. Qe3 Nxc4 9. Qg5 g6 10. Bf4 e5
11. Be3 exd4 12. Bxd4 f6 13. Qd5 Nxb2 14. O-O Bg7 15. e5 Ne7 16. Qb3 fxe5 17. Bb6 Qc6 18. Qxb2 e4 19. Rfe1 Qxc3 20. Qc1 Qc6
21. Rb1 O-O 22. Re3 d5 23. Ba5 Bd4 24. Rh3 Rxf2 25. Qh6 Bxh3 26. Qxh3 Rf3+ 27. Kh1 Rxh3 28. Rf1 Qxc2 29. Bb4 Rd3
0-1

[Event "PLAYERS CUP 2009 <1600"]
[Site "SchemingMind.com"]
[Date "2009.02.07"]
[Round "-"]
[White "Heidi"]
[Black "Carl Lenox"]
[Result "0-1"]
[WhiteCountry "USA"]
[BlackCountry "CAN"]
[WhiteElo "946"]
[WhiteRD "62"]
[BlackElo "1353"]
[BlackRD "64"]
[GameID "191080"]

1. e4 c5 2. Nf3 e6 3. Nc3 Nc6 4. d4 cxd4 5. Nxd4 Nf6 6. Ndb5 Be7 7. Bg5 O-O 8. Bf4 e5 9. Bg5 Bb4 10. h4 a6
11. Nd6 Qa5 12. a3 Bc5 13. h5 b5 14. Bd3 Qb6 15. Nxc8 Raxc8 16. h6 Bxf2+ 17. Ke2 Ng4 18. Kf3 Nd4+ 19. Kxg4 Qe6+ 20. Kh5 g6#
0-1